| 000 | 00525nam a22001817a 4500 | ||
|---|---|---|---|
| 999 |
_c57597 _d57597 |
||
| 005 | 20200812120414.0 | ||
| 008 | 200812s2018 enk||||| |||| 00| 0 eng d | ||
| 041 | _aeng | ||
| 080 | _a611.018+576 M-60 | ||
| 100 |
_aMescher, A. L. _99173 |
||
| 245 |
_aJunqueira's Basic Histology : _bText and Atlas / |
||
| 250 | _aFifteenth Edition | ||
| 264 |
_aNew York : _bMcGraw Hill, _c2018. |
||
| 300 |
_a562 p. _bill. ; _c30 cm. |
||
| 653 | _aმედიცინა | ||
| 653 | _aჰისტოლოგია | ||
| 942 |
_2udc _cBK |
||